NCAA Tournament Teams (2013) Quiz Stats

 Plays Quiz Updated Mar 19, 2013

Challenge
Share
Tweet
Embed
Score 0/68 Timer 08:00
1 Play Today
Region Team % Correct
MidwestDuke
94.9%
SouthKansas
91.8%
SouthMichigan
91.7%
SouthNorth Carolina
90.6%
SouthFlorida
90.1%
MidwestMichigan State
88.7%
MidwestLouisville
87.6%
WestOhio State
86.8%
EastIndiana
86.6%
WestGonzaga
83.7%
EastSyracuse
81.9%
SouthUCLA
81%
EastMiami (FL)
80.2%
MidwestOregon
79.9%
SouthGeorgetown
79%
WestWisconsin
77.7%
SouthOklahoma
77.7%
WestArizona
77%
WestKansas State
75.7%
MidwestOklahoma State
72.2%
WestNew Mexico
70.7%
EastIllinois
70.7%
EastNorth Carolina State
70.3%
EastButler
68.1%
SouthMinnesota
67.6%
EastCalifornia
66.8%
EastColorado
65.8%
WestPittsburgh
65.2%
SouthVillanova
65.1%
WestOle Miss
64.7%
MidwestMissouri
63.7%
SouthVCU
62.6%
EastUNLV
62.6%
WestIowa State
62%
Region Team % Correct
WestHarvard
61.2%
WestNotre Dame
60.7%
EastMarquette
60.7%
WestWichita State
57.4%
MidwestMemphis
56.6%
MidwestCreighton
56%
MidwestSaint Louis
55.8%
MidwestCincinnati
53.7%
MidwestColorado State
52.7%
SouthSan Diego State
52.6%
EastTemple
51.3%
MidwestNew Mexico State
50.7%
SouthFlorida Gulf Coast
49.9%
MidwestSt. Mary's
47.4%
WestBoise State
44.4%
EastMontana
43.6%
WestLa Salle
42.5%
SouthSouth Dakota State
40.2%
EastBucknell
39.2%
EastDavidson
39.1%
WestBelmont
38%
SouthAkron
36.9%
SouthWestern Kentucky
36.9%
WestSouthern
36.8%
MidwestMiddle Tennessee State
36.5%
MidwestAlbany
34.9%
EastLIU-Brooklyn
34%
MidwestLiberty
33.8%
WestIona
31.9%
MidwestValparaiso
30.1%
MidwestNorth Carolina A&T
29%
EastJames Madison
28.9%
EastPacific
25.1%
SouthNorthwestern State
23.2%

You're not logged in!

Compare scores with friends on all Sporcle quizzes.
OR
Log In

You Might Also Like...

Show Comments

Extras

Top Quizzes Today


Score Distribution

Your Account Isn't Verified!

In order to create a playlist on Sporcle, you need to verify the email address you used during registration. Go to your Sporcle Settings to finish the process.

Report this User

Report this user for behavior that violates our Community Guidelines.

Details: